Digital computer electronics / (Record no. 11974)

000 -LEADER
fixed length control field 00493nam a22001697a 4500
008 - FIXED-LENGTH DATA ELEMENTS--GENERAL INFORMATION
fixed length control field 210115b ||||| |||| 00| 0 eng d
020 ## - INTERNATIONAL STANDARD BOOK NUMBER
International Standard Book Number 0028005945
082 00 - DEWEY DECIMAL CLASSIFICATION NUMBER
Classification number 001.6404
Item number M262
100 ## - MAIN ENTRY--PERSONAL NAME
9 (RLIN) 2369
Personal name Malvino, Albert Paul
245 10 - TITLE STATEMENT
Title Digital computer electronics /
250 ## - EDITION STATEMENT
Edition statement 3rd ed.
260 ## - PUBLICATION, DISTRIBUTION, ETC. (IMPRINT)
Place of publication, distribution, etc New Delhi:
Name of publisher, distributor, etc Tata McGrawhill,
Date of publication, distribution, etc 1995
300 ## - PHYSICAL DESCRIPTION
Extent vi, 522 p.
650 #0 - SUBJECT ADDED ENTRY--TOPICAL TERM
Topical term or geographic name as entry element Microcomputers
700 ## - ADDED ENTRY--PERSONAL NAME
9 (RLIN) 4236
Personal name Brown, Jerald A.
942 ## - ADDED ENTRY ELEMENTS (KOHA)
Item type Books
Holdings
Withdrawn status Lost status Source of classification or shelving scheme Damaged status Not for loan Permanent location Current location Date acquired Full call number Barcode Date last seen Koha item type
          IMU Kolkata IMU Kolkata 2021-01-15 001.6404 M262 08483 2021-01-15 Books
          IMU Kolkata IMU Kolkata 2021-01-15 001.6404 M262 08484 2021-01-15 Books
          IMU Kolkata IMU Kolkata 2021-01-15 001.6404 M262 08485 2021-01-15 Books
          IMU Kolkata IMU Kolkata 2021-01-15 001.6404 M262 08486 2021-01-15 Books
          IMU Kolkata IMU Kolkata 2021-01-15 001.6404 M262 08487 2021-01-15 Books
          IMU Kolkata IMU Kolkata 2021-01-16 001.6404 M262 08520 2021-01-16 Books
Designed and Maintained by IMU-KC Library, Kolkata Campus © Copyright All Rights Reserved

webs counters

Powered by Koha